| 000 | 01339nam a2200397 i 4500 | ||
|---|---|---|---|
| 001 | 12564 | ||
| 003 | KOSZ 005 | ||
| 005 | 20220117142622.0 | ||
| 008 | 070626s1970 pl a f 001 0 pol | ||
| 015 | _aPB 1970/6122 | ||
| 040 |
_aWA N _cWA N _dKOSZ 005/RW |
||
| 046 | _k1969 | ||
| 080 | _a62-5 | ||
| 100 | 1 |
_aChorowski, Bohdan _d(1926-2012) _eAutor |
|
| 245 | 1 | 0 |
_aMechaniczne urządzenia automatyki / _cB. Chorowski, M. Werszko. |
| 250 | _aWydanie 2. | ||
| 260 |
_aWarszawa : _bWydawnictwa Naukowo-Techniczne, _c1970. |
||
| 300 |
_a364, [3] strony, [1] karta tablic : _bilustracje ; _c25 cm. |
||
| 336 |
_aTekst _btxt _2rdacontent |
||
| 337 |
_aBez urządzenia pośredniczącego _bn _2rdamedia |
||
| 338 |
_aWolumin _bnc _2rdacarrier |
||
| 380 | _aKsiążki. | ||
| 388 | _a1901-2000 | ||
| 500 | _aDruk z klisz. | ||
| 504 | _aBibliografia na stronach 359-[360]. Indeks. | ||
| 650 | 4 | _aHydraulika | |
| 650 | 4 | _aAutomatyzacja | |
| 650 | 4 | _aAutomatyka | |
| 650 | 4 | _aUrządzenia | |
| 650 | 4 | _aPneumatyka | |
| 658 | _aInżynieria i technika | ||
| 700 | 1 |
_aWerszko, Mirosław _eAutor |
|
| 710 | 2 |
_aWydawnictwa Naukowo-Techniczne _4pbl. |
|
| 856 |
_uhttp://koha.tu.koszalin.pl/cgi-bin/koha/opac-detail.pl?biblionumber=12564 _yKatalog online BPK |
||
| 942 |
_2UKD _cKS |
||
| 999 |
_c12564 _d12564 |
||